| 000 | 00373nam a22001577a 4500 | ||
|---|---|---|---|
| 005 | 20230926114949.0 | ||
| 008 | 230914b |||||||| |||| 00| 0 eng d | ||
| 020 | _a9788170946250 | ||
| 082 |
_a658.4013 _bHOW |
||
| 245 | _aHow to Multiply Profits | ||
| 260 |
_aIndia _bVision Books _c2004 |
||
| 300 | _a152 | ||
| 500 | _aInclude Index | ||
| 650 | _aBusiness | ||
| 999 |
_c33578 _d33578 |
||